Quiz państwa gdzie czytają najwięcej książek - Statystyki

Ogólne statystyki
  • Ten quiz został rozwiązany 19 razy
  • Średni wynik to 2 z 5
Statystyki odpowiedzi
godzin państwo % Poprawnych
8 Chiny
78%
10 Indie
50%
6,54 Szwecja
44%
7,24 Czechy
33%
9,24 Tajlandia
6%
Nie znaleziono quizów pasujących do podanych kryteriów
Rozkład punktacji
Procent ludzi z każdym wynikiem
Percentyl według liczby udzielonych odpowiedzi
Twoja historia wyników
Nie rozwiązałeś tego quizu